000
00229nam a22000857a 4500
008
160715b xxu||||| |||| 00| 0 eng d
100
_9
2899
_a
Lewis, P
245
_a
The Centle Fury
260
_a
New York
_b
Holt, Rinehart & Winston
_c
1961
999
_c
2464
_d
2464